000 00529nam a2200157Ia 4500
005 20250923144559.0
008 008 250917s9999 xx 000 0 eng d
037 _aPeriodicals
040 _aDSWL
_beng
_cDSWL
041 _aeng
_2eng
084 _ab56.L, N57.24
_qDSWL
245 2 _aA new survey of Universal knowledge: Index to volumes 1 to 23, Atlas, Index to Atlas
_cby Enclylopaedia Britannia.
260 _aChicago
_b Enclopaidia Bratainica
_c1957
942 _cCR
_hb56.L, N57.24
999 _c1440776
_d1440776